Agents of S.H.I.E.L.D. Framework Quiz - Statistics

General Stats
  • This quiz has been taken 217 times
  • The average score is 23 of 50
Answer Stats
# Hint Answer % Correct
1 The framework was first introduced in this season 4
100%
3 Android who took control of the framework AIDA
94%
2 Original creator of the framework as a training program Leopold Fitz
86%
5 First person to enter framework Melinda May
79%
17 The framework alter-ego of which character is 'The Doctor' Leopold Fitz
73%
31 Skye's boyfriend in the framework was this character Grant Ward
69%
35 In the framework, Coulson was a teacher in which subject History
69%
6 Name for robot replacements for framework inhabitants LMD (Life Model Decoy)
69%
26 #25 went into the framework to bring this character back Alphonso "Mack" Mackenzie
67%
37 Coulson crafted his own version of this as he thought HYDRA used it to mind control people Soap
67%
27 #26 refused to leave the framework in order to stay with this character Hope Mackenzie (His daughter)
66%
24 This alien race allowed #22 to continue to operate the framework Kree
66%
18 Who did AIDA keep in #17's life to fix their regret? Alistair Fitz (His father)
65%
25 In the original framework, this character was the last to enter the framework Elena "Yo-Yo" Rodriguez
63%
32 #31 was a double agent inside HYDRA for this organisation S.H.I.E.L.D.
63%
13 #3's alter-ego in the framework Madame Hydra
62%
16 Location of May's failure to kill #15 Bahrain
60%
22 This character built the framework in the future (2091) Deke Shaw
60%
28 This character's regret was fixed by becoming an Inhuman in the framework Jeffrey Mace
57%
45 This S.H.I.E.L.D. agent from seasons 1 and 2 returned as an undercover operative Antoine 'Trip' Triplett
56%
29 The superhero name of #28 was this The Patriot
56%
34 #27 took this object, prompting fears of HYDRA taking action against them Drone
54%
19 In which episode of season 5 did 'The Doctor' return? The Devil Complex
54%
23 This character discovered #22's framework in the Lighthouse Daisy "Skye" Johnson
52%
43 AIDA's human name in the framework was this Ophelia
51%
33 #31 was recruited into #32 by this character killed in season 1 Victoria Hand
51%
8 Episode number of #7 16
48%
50 This character's final words were: "This is the way the world ends. Not with a bang, but a–" Holden Radcliffe
48%
49 This Russian Watchdog leader protected the framework from the outside Anton Ivanov
45%
47 This landmark destroyed in 'The Winter Soldier' returned in the framework Triskellion
44%
7 Name of first full episode inside the framework What If...
44%
4 Real-life person #3 was based on Agnes Kitsworth
36%
48 This base was used as the headquarters of the resistance Playground
34%
14 Name of event leading to HYDRA's rise Cambridge Incident
33%
10 Name of episode after #9 No Regrets
32%
11 Name of episode after #10 All the Madame's Men
30%
12 Name of episode after #11 Farewell, Cruel World!
30%
9 Name of episode after #7 Identity and Change
30%
20 Which episode was the last to feature 'The Doctor'? Inescapable
30%
21 Who did 'The Doctor' hunt FitzSimmons with? Id Simmons
18%
42 Sunil Bakshi hosted this show in the framework The Bakshi Report
17%
30 This character told Skye to wake up her boyfriend Pinsky
16%
39 #22 also built this video game using the framework Remorath Rumble
16%
15 May's failure to kill this person lead to #14 Katya Belyakov
15%
46 When rescuing #45, Coulson went undercover with this name Jamie Flugelman
14%
36 Coulson worked at a high school named after this HYDRA operative Alexander Pierce
13%
38 Name a student in Coulson's class Chris Adler/Burnell/Amy
13%
41 Calvin Johnson was known by this name in the framework Dr. Winslow
11%
40 This character was thrown a parade for the 'Humans First' movement Felix Blake
10%
44 This HYDRA scientist from season 2 returned in the framework Kenneth Turgeon
10%
No matching quizzes found
Score Distribution
Percent of People with Each Score
Percentile by Number Answered
Your Score History
You have not taken this quiz